00987nam a22001937a 450000500170000000800410001702000150005808200170007310000280009024500470011826001790016530000350034433600100037933700140038933800140040350000320041750503120044965000320076120231102151832.0150623b2006 pe a|||| |||| 00| 0 spa d a9972985660 a331.34 C864e aChacaltana, Juaneautor aEmpleo para los jovenesc/ Juan Chacaltana aLima , Perub: Centro de Estudios para el Desarrollo y la Participación : Cooperación Técnica Alemana : Comisión Económica para América Latina y el Caribec, 2006 a268 páginasb: ilustraciones atexto asin medio avolúmen aIncluye glosario p. 267-268 aIntroducción. ¿Qué sabemos sobre la inserción laboral de los jóvenes en el Perú? La visión de los empresarios. La visión de los jóvenes. Trayectorias laborales de los jóvenes. ¿Cómo se promueve la inserción laboral de los jóvenes en el Perú? Políticas de empleo para jóvenes.14aTRABAJO DE JOVENESzPERÚ